Normal view
MARC view
- Lugones, Leopoldo
Entry Nombre Personal
001 - NUMERO DE CONTROL
- campo de control: 53445
003 - IDENTIFICADOR DE NUMERO DE CONTROL
- campo de control: DLC
005 - FECHA Y HORA DE LA ÜLTIMA TRANSACCIÓN
- campo de control: 20240905154556.0
008 - DATOS DE LONGITUD FIJA
- campo de control de longitud fija: 240905|| aca||aabn | a|a d
010 ## - NÚMERO DE CONTROL DE LA BIBLIOTECA DEL CONGRESO
- Número de control LC: n 50048827
035 ## - NUMERO DE CONTROL
- Número de control: (OCoLC)oca00083884
040 ## - FUENTE DE CATALOGACIÓN
- Agencia original de catalogación: DLC
- Lenguaje de catalogación: spa
- Agencia de transcripción: DLC
- Agencia que lo modifica: ICU
- Agencia que lo modifica: OCoLC
- Agencia que lo modifica: NjP
- Agencia que lo modifica: MX-MxUPN
046 ## - FECHAS CON CODIFICACIÓN ESPECIAL
- Fecha de nacimiento: 18740613
- Fecha de muerte: 19380218
053 #0 - NÚMERO DE CLASIFICACIÓN LC
- Número de clasificación elemento-número único o número inicial de tramo: PQ7797 L85
100 1# - ENCABEZAMIENTO - NOMBRE PERSONAL
- Nombre personal: Lugones, Leopoldo
- Fechas asociadas con el nombre: 1874-1938
370 ## - LUGAR ASOCIADO
- Associated country: Argentina
374 ## - OCUPACIÓN
- Occupation: Autor
- Occupation: Periodista
670 ## - FUENTE EN LA QUE SE LOCALIZARON DATOS
- Cita de la fuente: Autoridades LC, 05 septiembre 2024 :
- Información localizada: (Lugones, Leopoldo, 1874-1938)
- Uniform Resource Identifier: https://lccn.loc.gov/n50048827
902 ## - CATALOGADOR
- Catalogador: MaríaRobles/050924
